LEADER 01527nam a2200313 a 4500 001 000000136148 003 CaOOAMICUS 005 20131113133547.0 008 131113s2013 it d u000 u ita r 020 $a978-88-387-8285-5 040 $aPUL$bita 082 04$a346.4506 100 1 $aDi Diego, Sebastiano.$0(OLS)http://pul/name/87645 245 10$aONLUS e imprese sociali :$bdisciplina civilistica, trattamento fiscale, gestione e organizzazione, contratti pubblici e imprese sociali, formulario /$cSebastiano Di Diego. 250 $a5. ed. 260 $aSantarcangelo di Romagna :$bMaggioli,$c©2013. 300 $a369 p. :$bgrafici ;$c24 cm+$e1 Cd-Rom 490 1 $aNon profit ;$v02 504 $aBibliografia in nota. 650 4$aEnti non economici$xDiritto e legislazione$zItalia.$0(OLS)http://pul/subject/22690 830 0$aNon profit (Maggioli) ;$v02.$0(OLS)http://pul/title/169804 850 $aPUL 852 $aPUL$W1$xSL Diritto e Scienze Sociali 3$y79$m346. 4506 DIDSE 1$j156922$qDDC 21$B156328$CPULBib$Z2$F156328 $H123172 $82 941 1 $a9 996 $6020$a978-88-387-8285-5$9(OLS)http://pul/number/153906 996 $6082$a346.4506$9(OLS)http://pul/classification/679 996 $6245$aONLUS e imprese sociali :$bdisciplina civilistica, trattamento fiscale, gestione e organizzazione, contratti pubblici e imprese sociali, formulario$9(OLS)http://pul/title/172163 996 $6260$aSantarcangelo di Romagna :$bMaggioli$9(OLS)http://pul/publisher/67439 LEADER 01536nam a2200337 u 4500 001 000000048827 003 CaOOAMICUS 005 20070226115037.0 008 000601s1999 it u000 u ita u 020 $a8879620924 035 $a10849032 040 $aPUL$bita$dPUL(R) 245 03$aIl cristianesimo e le diversitą :$bstudi per Attilio Agnoletto /$ca cura di Remo Cacitti, Grado Giovanni Merlo, Paola Vismara. 260 $aMilano :$bEdizioni Biblioteca Francescana,$c1999. 300 $ax, 376 p. ;$c24 cm 490 1 $aStudi di storia del cristianesimo e delle chiese cristiane ;$v1 504 $aBibliografia in nota. 650 4$aChiesa$xStoria.$0(OLS)http://pul/subject/128 700 1 $aCacitti, Remo.$0(OLS)http://pul/name/16938 700 1 $aMerlo, Grado Giovanni,$d1945-$0(OLS)http://pul/name/16717 700 1 $aVismara, Paola.$0(OLS)http://pul/name/35413 830 0$aStudi di storia del cristianesimo e delle chiese cristiane ;$v1.$0(OLS)http://pul/title/65812 850 $aPUL 852 $aPUL$W1$xSL Religione 1$y3$m58 I 33$j64978$nBK-PRI$b $qStampati$B64978$CPULBib$Z2$F64978 $H $81 941 1 $a8 960 $aStoria della chiesa$9128 960 $aStoria ecclesiastica$9128 961 $aINV: 81964 996 $6020$a8879620924$9(OLS)http://pul/number/61553 996 $6245$aIl cristianesimo e le diversitą :$bstudi per Attilio Agnoletto$9(OLS)http://pul/title/65811 996 $6260$aMilano :$bEdizioni Biblioteca Francescana$9(OLS)http://pul/publisher/60213